[Event "11.Offene Senioren SH 2017"]
[Site "Büsum"]
[Date "2017.09.12"]
[Round "5.2"]
[White "Ackermann, Hans Werner"]
[Black "Villing, Dieter"]
[Result "1-0"]
[BlackElo "2040"]
[BlackTeam "SK Ludwigshafen"]
[EventDate "2017.??.??"]
[PlyCount "93"]
[WhiteElo "2295"]
[WhiteTeam "SC Hansa Dortmund"]

1. Nf3 d6 2. d4 Bg4 3. c4 Nd7 4. Nc3 c6 5. e4 e5 6. Be2 Ngf6 7. O-O Be7 8. Be3
O-O 9. d5 cxd5 10. cxd5 a6 11. a4 Qb8 12. Nd2 Bxe2 13. Qxe2 Rc8 14. Rfc1 b6 15.
f3 Qb7 16. Na2 Rxc1+ 17. Rxc1 Rc8 18. Rxc8+ Qxc8 19. Qc4 Qxc4 20. Nxc4 b5 21.
axb5 axb5 22. Na3 Ne8 23. Nxb5 Bd8 24. Kf1 Bb6 25. Bd2 Kf8 26. b4 Ke7 27. Nac3
Kd8 28. Ke2 Kc8 29. Na4 Kb7 30. Kd3 h5 31. Na3 Nc7 32. Nc4 Nb5 33. Nc3 Nxc3 34.
Bxc3 Bc7 35. Bd2 Ka6 36. Kc3 g6 37. Kb3 Kb5 38. Be3 f6 39. Bf2 g5 40. h4 Nf8
41. hxg5 fxg5 42. Be3 g4 43. fxg4 hxg4 44. Bg5 Ng6 45. g3 Bb8 46. Ne3 Ba7 47.
Nf5  1-0

[Event "11.Offene Senioren SH 2017"]
[Site "Büsum"]
[Date "2017.09.12"]
[Round "5.3"]
[White "Schumacher, Gottfried"]
[Black "Knaak, Joachim"]
[Result "1-0"]
[BlackElo "2129"]
[BlackTeam "SV Dresden-Leuben"]
[EventDate "2017.??.??"]
[PlyCount "83"]
[WhiteElo "2273"]
[WhiteTeam "HTC Bad Neuenahr"]

1. g3 g6 2. Bg2 Bg7 3. Nf3 Nf6 4. c4 O-O 5. Nc3 d5 6. cxd5 Nxd5 7. O-O c5 8.
Nxd5 Qxd5 9. d3 Nc6 10. Be3 Qd6 11. Rc1 Bxb2 12. Bxc5 Qe6 13. Rc4 Bf6 14. Qd2
Rd8 15. Rfc1 Rb8 16. Be3 Qd6 17. Ng5 Bxg5 18. Bxg5 Bd7 19. Qe3 f6 20. Bh6 e5
21. f4 Nd4 22. fxe5 fxe5 23. Bg5 Re8 24. Qd2 Bc6 25. Bxc6 Nxc6 26. Bh6 Nd4 27.
g4 Qe6 28. h3 Rbd8 29. Qb2 Rd7 30. Rc7 Qd6 31. Qxb7 Nxe2+ 32. Kf1 Qxd3 33. Rxd7
Nd4+ 34. Kg1 Qg3+ 35. Qg2 Ne2+ 36. Kh1 Qxg2+ 37. Kxg2 Nxc1 38. Bxc1 Rc8 39. Bh6
Rc2+ 40. Kg3 Rxa2 41. Rg7+ Kh8 42. Rf7  1-0

[Event "11.Offene Senioren SH 2017"]
[Site "Büsum"]
[Date "2017.09.12"]
[Round "5.4"]
[White "Nordby, Bernt"]
[Black "Hess, Christian Mathias"]
[Result "1-0"]
[BlackElo "2238"]
[BlackTeam "FC ST.Pauli"]
[EventDate "2017.??.??"]
[PlyCount "69"]
[WhiteElo "2027"]
[WhiteTeam "Frederiksstad Schakselskap"]

1. d4 e6 2. Nf3 c5 3. e3 Nf6 4. c4 d5 5. Nc3 Nc6 6. a3 Ne4 7. Qc2 Nxc3 8. bxc3
Be7 9. Bd3 dxc4 10. Bxc4 O-O 11. O-O b6 12. Bd3 h6 13. Bb2 Bb7 14. Rfd1 cxd4
15. exd4 Rc8 16. Qe2 Na5 17. Ne5 Bd6 18. c4 Qh4 19. h3 Qg5 20. d5 exd5 21. Nf3
Qh5 22. cxd5 Rfe8 23. Qf1 f5 24. Ba6 Bxa6 25. Qxa6 Rc2 26. Rab1 Re7 27. Bd4 Nc4
28. Rbc1 Rxc1 29. Rxc1 Nxa3 30. Bb2 Bf4 31. Bxa3 Bxc1 32. Bxe7 Qf7 33. d6 Qd5
34. Qc8+ Kh7 35. Qxc1  1-0

[Event "11.Offene Senioren SH 2017"]
[Site "Büsum"]
[Date "2017.09.12"]
[Round "5.5"]
[White "Mertens, Klaus"]
[Black "Oechslein, Rainer"]
[Result "1/2-1/2"]
[BlackElo "2294"]
[BlackTeam "SK Schweinfurt"]
[EventDate "2017.??.??"]
[PlyCount "55"]
[WhiteElo "2084"]
[WhiteTeam "FC Bierstadt"]

1. Nf3 c5 2. g3 Nc6 3. d4 cxd4 4. Nxd4 g6 5. Bg2 Bg7 6. c3 Nf6 7. O-O O-O 8. Nd2
e5 9. Nxc6 dxc6 10. Nc4 Nd5 11. e4 Ne7 12. Nd6 Be6 13. b3 b5 14. c4 Qb8 15. c5
Rd8 16. Qe1 a5 17. Be3 Nc8 18. Nxc8 Qxc8 19. Qc3 a4 20. Bf3 Bg4 21. Bxg4 Qxg4
22. f3 Qd7 23. b4 Qd3 24. Rac1 Ra7 25. Kf2 Rad7 26. Qxd3 Rxd3 27. Ke2 f5 28.
Rcd1  1/2-1/2

[Event "11.Offene Senioren SH 2017"]
[Site "Büsum"]
[Date "2017.09.12"]
[Round "5.6"]
[White "Bartsch, Berthold"]
[Black "Hanisch, Friedrich"]
[Result "1-0"]
[BlackElo "2081"]
[BlackTeam "SV Lauf"]
[EventDate "2017.??.??"]
[PlyCount "83"]
[WhiteElo "2259"]
[WhiteTeam "SC Forchheim"]

1. e4 c6 2. Nc3 d5 3. g3 dxe4 4. Nxe4 Nf6 5. Nxf6+ exf6 6. Bg2 Bd6 7. d4 O-O 8.
Ne2 Re8 9. O-O Bg4 10. Re1 Nd7 11. Qd3 Qc7 12. Bd2 g6 13. Nf4 Bf5 14. Qb3 g5
15. Nd3 h5 16. c4 b6 17. Nb4 Bxb4 18. Bxb4 Rac8 19. Qf3 c5 20. Qxf5 cxb4 21.
Be4 Nf8 22. Qxf6 Qd8 23. Qf5 Rxc4 24. Bd5 Rxe1+ 25. Rxe1 Rc7 26. Re5 Kg7 27.
Qxg5+ Qxg5 28. Rxg5+ Kf6 29. Rxh5 Rc2 30. Bb3 Rxb2 31. Rb5 Ne6 32. Rxb4 Ng5 33.
d5 Nf3+ 34. Kg2 Ne1+ 35. Kh3 Nd3 36. Rd4 Nxf2+ 37. Kh4 Ke5 38. d6 Ne4 39. h3
Nxd6 40. Rd5+ Ke6 41. Rd2+ Rxb3 42. axb3  1-0

[Event "11.Offene Senioren SH 2017"]
[Site "Büsum"]
[Date "2017.09.12"]
[Round "5.8"]
[White "Biller, Helmut"]
[Black "Postler, Reinhard"]
[Result "1/2-1/2"]
[BlackElo "2221"]
[BlackTeam "TSG Oberschöneweide"]
[EventDate "2017.??.??"]
[PlyCount "85"]
[WhiteElo "2084"]
[WhiteTeam "SF Frankfurt"]

1. d4 Nf6 2. Nf3 d5 3. c4 c6 4. Nc3 e6 5. cxd5 exd5 6. Qc2 Be7 7. Bg5 O-O 8. e3
Nbd7 9. Bd3 Re8 10. O-O Nf8 11. h3 a5 12. Rab1 g6 13. a3 Ne6 14. Bxf6 Bxf6 15.
b4 axb4 16. axb4 Ng7 17. b5 Bf5 18. Bxf5 Nxf5 19. bxc6 bxc6 20. Na4 Qc7 21. Nc5
Nd6 22. Nd2 Ra7 23. Qb2 Rea8 24. Qb6 Qc8 25. Qb4 Bd8 26. Ndb3 Nc4 27. Ra1 Be7
28. Rxa7 Rxa7 29. Qc3 Ra3 30. Ra1 Qa8 31. Rxa3 Qxa3 32. Qc2 Bd6 33. g3 h5 34.
Qe2 Kg7 35. Kg2 Qb4 36. h4 Qc3 37. Kh2 Qb4 38. Kg2 Qb8 39. Qf3 Qe8 40. Nd3 Qe7
41. Nbc5 Nd2 42. Qd1 Ne4 43. Nxe4  1/2-1/2

[Event "11.Offene Senioren SH 2017"]
[Site "Büsum"]
[Date "2017.09.12"]
[Round "5.10"]
[White "Rahls, Peter"]
[Black "Kotlar, Alfred"]
[Result "1-0"]
[BlackElo "2041"]
[BlackTeam "SC Recklinghausen Altstadt"]
[EventDate "2017.??.??"]
[PlyCount "50"]
[WhiteElo "2151"]
[WhiteTeam "SK Zehlendorf"]

1. c4 g6 2. Nc3 Bg7 3. d4 e5 4. d5 d6 5. e4 f5 6. Bd3 fxe4 7. Nxe4 Nf6 8. Bg5 h6
9. Nxf6+ Bxf6 10. Bxg6+ Kf8 11. Be3 Ke7 12. Qh5 Qf8 13. Ne2 Qg7 14. Ng3 Kd8 15.
O-O Rg8 16. Bf5 Bg5 17. Be6 Bxe6 18. dxe6 Qg6 19. f4 exf4 20. Bxf4 Qxe6 21.
Bxg5+ hxg5 22. Rae1 Qxc4 23. Rf7 Na6 24. Qh7 Qd4+ 25. Kh1 Rh8  1-0

[Event "11.Offene Senioren SH 2017"]
[Site "Büsum"]
[Date "2017.09.12"]
[Round "5.11"]
[White "Niebling, Ferdinand"]
[Black "Szenetra, Werner"]
[Result "0-1"]
[BlackElo "2148"]
[BlackTeam "SV Berenbostel"]
[EventDate "2017.??.??"]
[PlyCount "152"]
[WhiteElo "2059"]
[WhiteTeam "SC Frankfurt-West"]

1. d4 d6 2. c4 g6 3. Nc3 Bg7 4. e4 Nc6 5. Be3 e5 6. d5 Nce7 7. Qd2 f5 8. f3 Nf6
9. Bd3 O-O 10. Nge2 fxe4 11. fxe4 Ng4 12. Bg1 Bh6 13. Qc2 Ne3 14. Bxe3 Bxe3 15.
Nd1 Bh6 16. Rf1 b6 17. Rxf8+ Qxf8 18. Ng1 Bd7 19. Nf3 Qf6 20. Qf2 Rf8 21. Ne3
Bf4 22. h4 Bxe3 23. Qxe3 Bg4 24. O-O-O Bxf3 25. Rf1 Qxh4 26. gxf3 Qf4 27. Kd2
g5 28. Rg1 h6 29. Rg4 Qxe3+ 30. Kxe3 Kg7 31. b4 Ng6 32. Rg1 Nf4 33. Be2 Kg6 34.
Rc1 h5 35. c5 Nxe2 36. Kxe2 g4 37. fxg4 hxg4 38. cxd6 cxd6 39. Rc6 Rf6 40. Rc7
g3 41. Rc3 Rf2+ 42. Ke1 Rxa2 43. Rxg3+ Kf6 44. Rf3+ Ke7 45. Rb3 a6 46. Rc3 Kd7
47. Rh3 Rb2 48. Rh7+ Ke8 49. Rh6 Ke7 50. Rh7+ Kf8 51. Rd7 Rxb4 52. Rxd6 Rxe4+
53. Kd2 Rb4 54. Kc3 Rb5 55. Kd3 Ke7 56. Re6+ Kd7 57. Ke4 Rb1 58. Rc6 a5 59.
Kxe5 a4 60. Rh6 a3 61. Rh7+ Kc8 62. Ra7 Ra1 63. Kd6 Kb8 64. Rh7 a2 65. Rh2 Kb7
66. Kd7 Rd1 67. Rxa2 Rxd5+ 68. Ke6 Rd3 69. Rb2 Kc6 70. Ke5 b5 71. Ke4 Rd8 72.
Rb3 Kc5 73. Rb1 b4 74. Rc1+ Kb5 75. Ke3 b3 76. Rc7 Kb4  0-1

[Event "11.Offene Senioren SH 2017"]
[Site "Büsum"]
[Date "2017.09.12"]
[Round "5.12"]
[White "Paus, Franz"]
[Black "Heinzel, Peter"]
[Result "1/2-1/2"]
[BlackElo "2028"]
[BlackTeam "SC Mülheim"]
[EventDate "2017.??.??"]
[PlyCount "48"]
[WhiteElo "2145"]
[WhiteTeam "SC Bayer Uerdingen"]

1. d4 Nf6 2. Nf3 e6 3. c4 c6 4. Nc3 d5 5. e3 Be7 6. Be2 O-O 7. O-O Nbd7 8. Qc2
Re8 9. Ne5 Nxe5 10. dxe5 Nd7 11. f4 Nf8 12. a3 a6 13. Rd1 Bd7 14. Bd2 f5 15.
cxd5 cxd5 16. b4 Qb6 17. Kh1 Rac8 18. Qb3 Bc6 19. Bf3 d4 20. Bxc6 Rxc6 21. Ne2
dxe3 22. Bxe3 Qc7 23. Rac1 Rc8 24. Rxc6 Qxc6  1/2-1/2

[Event "11.Offene Senioren SH 2017"]
[Site "Büsum"]
[Date "2017.09.12"]
[Round "5.13"]
[White "Gläser, Wilfried"]
[Black "Kliewe, Hans-Jürgen"]
[Result "1/2-1/2"]
[BlackElo "2037"]
[BlackTeam "ASV Wismar"]
[EventDate "2017.??.??"]
[PlyCount "169"]
[WhiteElo "2129"]
[WhiteTeam "SK Anderten"]

1. e4 e6 2. d3 d5 3. Nd2 c5 4. Ngf3 Nc6 5. g3 Nf6 6. Bg2 dxe4 7. dxe4 e5 8. O-O
Be7 9. c3 O-O 10. Qc2 Qc7 11. Nc4 Rd8 12. Bg5 h6 13. Bxf6 Bxf6 14. Ne3 Be6 15.
Rfd1 Ne7 16. c4 Nc6 17. Nd5 Bxd5 18. cxd5 Nb4 19. Qc4 a5 20. a3 Na6 21. Rac1
Qd6 22. Rc2 Rdb8 23. a4 b6 24. Bf1 Nb4 25. Rcc1 Rf8 26. Qb3 Bd8 27. Nd2 Qg6 28.
Rc3 Bc7 29. Nc4 Rfd8 30. Bg2 Rab8 31. Na3 Bd6 32. Nb5 Rb7 33. Rc4 Qf6 34. Rd2
Qg5 35. Qd1 Na6 36. h4 Qg6 37. Bh3 Nc7 38. Qb3 Ne8 39. Kg2 Be7 40. Kh2 Nd6 41.
Nxd6 Bxd6 42. Qb5 Qf6 43. Kg2 Qe7 44. Rd3 Qe8 45. Rb3 Qxb5 46. Rxb5 Rbb8 47. h5
g6 48. hxg6 fxg6 49. Kf1 Rf8 50. Ke2 Kg7 51. Rb3 Kf6 52. Rf3+ Ke7 53. Rxf8 Rxf8
54. Rc3 Bc7 55. Bf1 Bd6 56. Rc1 Rb8 57. Ke3 Rf8 58. Bc4 Kf6 59. f4 h5 60. Rf1
Kg7 61. f5 g5 62. Rh1 Rh8 63. Be2 g4 64. Kd3 Rh6 65. Kc4 Be7 66. Kb5 Bg5 67. d6
Rxd6 68. Rxh5 Bf6 69. Bxg4 Rd4 70. Kxb6 Rxe4 71. Bd1 Rb4+ 72. Kxc5 Rxb2 73. g4
Rd2 74. Bf3 Rd3 75. Be2 Re3 76. Rh2 e4 77. Kd5 Ra3 78. Ke6 Rxa4 79. Rh5 e3 80.
g5 Re4+ 81. Kd6 Bxg5 82. Rxg5+ Kf6 83. Rh5 Rf4 84. Rh3 Rxf5 85. Rxe3  1/2-1/2

[Event "11.Offene Senioren SH 2017"]
[Site "Büsum"]
[Date "2017.09.12"]
[Round "5.14"]
[White "Lotzien, Hans"]
[Black "Meyer, Irmin"]
[Result "1/2-1/2"]
[BlackElo "2000"]
[BlackTeam "SV Werder Bremen"]
[EventDate "2017.??.??"]
[PlyCount "32"]
[WhiteElo "2126"]
[WhiteTeam "Godesberger SK"]

1. e4 c6 2. d4 d5 3. e5 Bf5 4. Nf3 e6 5. c3 c5 6. Bb5+ Nc6 7. Qa4 Qc7 8. O-O Rc8
9. Be3 c4 10. b4 a6 11. Bxc6+ Qxc6 12. Qxc6+ bxc6 13. Nbd2 Ne7 14. a4 Rb8 15.
a5 Nc8 16. Rfc1 Be7 17. Nf1 h6 18. Bd2 O-O 19. Ne3 Be4 20. Ne1 Bd8 21. Nd1 Na7
22. Nb2 Be7 23. Na4 Nb5 24. f3 Bg6 25. g3 Rb7 26. Ng2 Ra7 27. Rf1 Nc7 28. Ne3
Ne8 29. f4 Bd3 30. Rf2 g6 31. Nd1 Ng7 32. Ne3 h5 33. Nb2 Be4 34. Re1 Nf5 35.
Nexc4 Bc2 36. Ne3 Nxe3 37. Bxe3 Be4 38. Na4 Bd3 39. Rd1 Bf5 40. Nc5 Bxc5 41.
dxc5 Rb7 42. Rd4 Rfb8 43. Kg2 Kf8 44. Kf3 Ke7 45. Bd2 Bc2 46. h3 Rh8 47. Rh2
Rbb8 48. Be1 Bb3 49. Rdd2 Bc4 50. g4 Rbg8 51. Bh4+ Ke8 52. Bf6 Rh6 53. g5 Rh7
54. Ke3 Kd7 55. Rd4 Bb5 56. h4 Kc7 57. Rh1 Rb8 58. Rc1 Ba4 59. Kd3 Bb5+ 60. Kc2
Ba4+ 61. Kb2 Bb5 62. Kb3 Be2 63. Re1 Bb5 64. Red1 Rc8 65. R1d2 Rb8 66. c4 Bxc4+
67. Rxc4 dxc4+ 68. Kxc4 Rhh8 69. Bxh8 Rxh8 70. Rd6 Re8 71. Kd3 Re7 72. Ke4 Re8
73. Kd4 Re7 74. Kc3 Re8 75. Kd4 Re7 76. Kc3 Re8 77. Kd3 Re7 78. Ke3 Re8 79. Kf3
Re7 80. Kg3 Re8  1/2-1/2

[Event "11.Offene Senioren SH 2017"]
[Site "Büsum"]
[Date "2017.09.12"]
[Round "5.15"]
[White "Just, Fred"]
[Black "Krebel, Christoph"]
[Result "1/2-1/2"]
[BlackElo "2021"]
[BlackTeam "SV Wesel"]
[WhiteElo "2121"]
[WhiteTeam "SV Werder Bremen"]

1. d4 d5 2. Nf3 Nf6 3. c4 c6 4. Nc3 dxc4 5. a4 Bf5 6. e3 e6 7. Bxc4 Bb4 8. O-O
 Nbd7 9. Qb3 Qb6 10. Ne2 Be7 11. Bd2 Qxb3 12. Bxb3 c5 13. Rfc1 O-O  14.
Bd1 Rac8 15. Nc3 Rfd8 16. Be1 h6 17. a5 a6 18. Na4 Nd5 19. Bc3 Bd3 20. dxc5
Nxc5 21. Ne5 Bb5 22. Nxc5 Bxc5 23. Bd4 Bxd4 24. exd4 Nf4 25. Rc3 f6 26. Nf3 Bc6
27. h4 Nd5 28. Rcc1 Nb4 29. Rc3 Nd5 30. Rcc1 Rc7 31. Bb3 Rdc8 32. g3 Kf7 33.
Re1 Re8 34. Rac1 Nb4 35. Rc3 Rce7 36. Nd2 Nd5 37. Bxd5 Bxd5 38. f4 Rd8 39. Kf2
Red7 40. Ke3 Kf8 41. Rec1 Ke7 42. Rc7 Rxc7 43. Rxc7+ Rd7 44. Rxd7+ Kxd7 45. Nb1
Kd6 46. Nc3 Bc6 47. Kd3 Bg2 48. Ke3 Bc6 49. b4 f5 50. d5 Bxd5 51. Kd4 Bc6 52.
Ne2 Bd5 53. Nc1 Be4 54. Nb3 Bc6 55. Nc5 Bd5 56. Nd3 Be4 57. Ne5 Bd5 58. g4 fxg4
59. Nxg4 Bf3 60. Ne5 Bd5  1/2-1/2

[Event "11.Offene Senioren SH 2017"]
[Site "Büsum"]
[Date "2017.09.12"]
[Round "5.16"]
[White "Andersen, Knut"]
[Black "Gerhards, Walter"]
[Result "0-1"]
[BlackElo "1916"]
[BlackTeam "Ratinger SK"]
[WhiteElo "2108"]
[WhiteTeam "SF Buer"]

1. d4 Nf6 2. Nf3 e6 3. Bf4 b6 4. e3 Bb7 5. c4 Bb4+ 6. Nfd2 O-O  7. a3 Be7 8.
Nc3 c5 9. d5 exd5 10. Nxd5 Nxd5 11. cxd5 Bxd5 12. Qh5 Be6 13. Bd3 f5 14. g4 g6
15. Qh6 Bf6 16. gxf5 Bg7 17. Qh3 Bxf5 18. Bxf5 Rxf5 19. Nc4 Nc6 20. Rd1 d5 21.
Nd6 Ne7 22. Nxf5 Nxf5 23. Qf3 d4 24. Qe4 Qe8 25. Qd5+ Kh8 26. e4 Rd8 27. Qb7
Nd6 28. Bxd6 Rxd6 29. O-O  Qd8 30. f4 d3 31. e5 Rd4 32. Rd2 Bh6 33. Qf7 Rd7
34. Qb3 Bxf4 35. Rxf4 Qg5+ 36. Rg2 Qxf4 37. e6 Qe3+ 38. Rf2 Rd4 39. Kf1 Qc1+
40. Kg2 Qg5+ 41. Kf1 d2 42. Rf8+ Kg7 43. Rf7+ Kh6 44. Qd1 Rf4+ 45. Rxf4 Qxf4+
46. Ke2 Qxh2+  0-1

[Event "11.Offene Senioren SH 2017"]
[Site "Büsum"]
[Date "2017.09.12"]
[Round "5.17"]
[White "Quiring, Nikolai"]
[Black "Zunker, Reinhard, Dr."]
[Result "1/2-1/2"]
[BlackElo "2103"]
[BlackTeam "SV Hofheim"]
[WhiteElo "1990"]
[WhiteTeam "SV Rendsburg"]

1. d4 Nf6 2. c4 c5 3. d5 d6 4. Nc3 e5 5. e4 Na6 6. g3 Nc7 7. Bg2 Bd7 8. Nge2 b5
9. cxb5 Nxb5 10. O-O  Nd4 11. Nxd4 cxd4 12. Ne2 Qb6 13. Kh1 Bb5 14. f3 h5
15. Bh3 Be7 16. Rg1 Nd7 17. b4 Qa6 18. Rg2 Ba4 19. Qe1 h4 20. g4 Rc8 21. g5 Rc2
22. Ng1 Rxg2 23. Bxg2 Nb6 24. Bf1 Qc8 25. Bd2 Qd8 26. Qc1 g6 27. Be2 O-O 
28. Nh3 Qd7 29. Nf2 Rc8 30. Qe1 Qd8 31. Ba6 Rc2 32. Bd3 Rc8 33. Ba6 Rc2 34. Bd3
Rxd2 35. Qxd2 Bxg5  1/2-1/2

[Event "11.Offene Senioren SH 2017"]
[Site "Büsum"]
[Date "2017.09.12"]
[Round "5.18"]
[White "Hassenrück, Helmut"]
[Black "Zimmermann, Manfred"]
[Result "1-0"]
[BlackElo "1949"]
[BlackTeam "Kieler SG"]
[WhiteElo "2167"]
[WhiteTeam "SG-Gladbeck"]

1. d4 Nf6 2. Nf3 e6 3. c4 d5 4. Nc3 c6 5. e3 Bd6 6. Bd3 Nbd7 7. e4 dxe4 8. Nxe4
Nxe4 9. Bxe4 Nf6 10. Bc2 b6 11. O-O  Bb7 12. Re1 O-O  13. Bg5 h6 14.
Bh4 Be7 15. Qd3 g6 16. Ne5 Qe8 17. Qh3 Kg7 18. Rad1 Rd8 19. Qf3 Rc8 20. b4 Nh5
21. Bxe7 Qxe7 22. c5 b5 23. a4 a6 24. Be4 Qc7 25. axb5 axb5 26. Ra1 Nf6 27. Ra7
Nd5 28. Bxd5 exd5 29. Ng4 Rfe8 30. Qf6+ Kh7 31. Re5  Rxe5 32. Nxe5 Re8 33.
h4 Kg8 34. g3 Re6 35. Qf3 Kg7 36. h5 g5 37. Kg2 f6 38. Qf5 fxe5 39. Qxe6  1-0

[Event "11.Offene Senioren SH 2017"]
[Site "Büsum"]
[Date "2017.09.12"]
[Round "5.20"]
[White "Piastowski, Kurt"]
[Black "Falk, Thomas"]
[Result "1/2-1/2"]
[BlackElo "2107"]
[BlackTeam "SV Oberursel"]
[WhiteElo "1940"]
[WhiteTeam "Brühler SK"]

1. d4 Nf6  2. Nf3 e6 3. e3 c5 4. Be2 b6 5. Nbd2 Bb7 6. b3 Be7 7. Bb2 O-O
 8. O-O  d6 9. c4 Nbd7 10. Qc2 Qc7 11. Rac1 Rac8 12. Qb1 Qb8 13. Rfd1
Rfd8 14. Ng5 h6 15. Nge4 Qa8 16. Bf3 Nxe4 17. Bxe4 Bxe4  1/2-1/2

[Event "11.Offene Senioren SH 2017"]
[Site "Büsum"]
[Date "2017.09.12"]
[Round "5.21"]
[White "Schulz, Wolfgang"]
[Black "Berenstein, Alexander"]
[Result "1-0"]
[BlackElo "1968"]
[BlackTeam "SV Rendsburg"]
[WhiteElo "2101"]
[WhiteTeam "Hamburger SK"]

1. e4 e5 2. Nf3 Nc6 3. Bb5 a6 4. Ba4 Nge7 5. O-O  Ng6 6. d4 exd4 7. Nxd4 Bc5
8. Nf5 O-O  9. Be3 Be7 10. Nxe7+ Qxe7 11. Nc3 b5 12. Bb3 d6 13. Nd5 Qd8 14.
a4 Rb8 15. Qd2 Kh8 16. axb5 axb5 17. Qc3 Bd7 18. Ra6 b4 19. Qc4 Nge5 20. Qe2 f5
21. exf5 Bxf5 22. Ba4 Ne7 23. Nxe7 Qxe7 24. Bd4 Nc6 25. Qxe7 Nxe7 26. Re1 Nc8
27. Ra5 c5 28. Be3 Nb6 29. Bb3 Bg6 30. Ra6 Nc8 31. Rd1 Be4 32. f3 Bf5 33. Kf2
h6 34. Rd2 g5 35. h4 Kg7 36. hxg5 hxg5 37. Bxg5 Kg6 38. Be3 Rf6 39. Ra1 Be6 40.
Bd5 Bxd5 41. Rxd5 Nb6 42. Rg5+ Kf7 43. Ra7+ Ke6 44. Ra6 Kd7 45. Rg7+ Kc6 46. c4
bxc3 47. bxc3 Kb5 48. Ra1 Kc4 49. Ra3 Kd3 50. Bg5 Re6 51. Re7 Re8 52. Rxe8 Rxe8
53. Bf6 Re6 54. Bg7 Rg6 55. Ra7 Nd5 56. Bh8 Rh6 57. Ra8 Nxc3 58. Bxc3 Kxc3 59.
g4 Kd3 60. g5 Rg6 61. f4 Ke4 62. Kg3 c4 63. Kg4 d5 64. f5 Rc6 65. f6 c3 66. f7
c2 67. Ra1 c1=Q 68. Rxc1 Rxc1 69. f8=Q Rg1+ 70. Kh5 Rh1+ 71. Kg6 Ke3 72. Qe7+
Kd3 73. Qa3+ Ke4 74. Qb2 Rh3 75. Qg2+ Rf3 76. Kh5 Ke3 77. g6  1-0

[Event "11.Offene Senioren SH 2017"]
[Site "Büsum"]
[Date "2017.09.12"]
[Round "5.22"]
[White "Gehrmann, Rudolf-Rainer"]
[Black "Wittkugel, Friedhelm"]
[Result "1/2-1/2"]
[BlackElo "1941"]
[BlackTeam "SV Kamen"]
[WhiteElo "2096"]
[WhiteTeam "SV Eutin"]

1. c4 e5 2. Nc3 Nf6 3. g3 g6 4. Bg2 Bg7 5. Nf3 Nc6 6. O-O  O-O  7. Rb1
a5 8. d4 exd4 9. Nxd4 Nxd4 10. Qxd4 d6 11. Qd3 Nd7 12. Qc2 Ne5 13. b3 Nc6 14.
a3 Be6 15. Bb2 Nd4 16. Qd1 Nc6 17. Qd2 Rb8 18. Nd5 Ne5 19. Qxa5 b6 20. Qd2 Bf5
21. e4 Be6 22. f4 Bxd5 23. Qxd5 Ng4 24. Bxg7 Kxg7 25. Qd4+ f6 26. Rfd1 Qd7 27.
h3 Nh6 28. Re1 Rbd8 29. Qc3 Nf7 30. a4 Kg8 31. a5 bxa5 32. Ra1 c5 33. Rxa5 Ra8
34. Rea1 Rxa5 35. Rxa5 Rb8 36. Rb5 Rc8 37. Qa5 Kg7 38. Qa6 Rc7 39. Rb8 Ra7 40.
Qc8 Ra1+ 41. Kh2 { Remis nach weiteren Zuegen (nicht rekonstruierbar)}  
1/2-1/2

[Event "11.Offene Senioren SH 2017"]
[Site "Büsum"]
[Date "2017.09.12"]
[Round "5.23"]
[White "Schwertel, Johann"]
[Black "Neumann, Joachim"]
[Result "1/2-1/2"]
[BlackElo "2093"]
[BlackTeam "SC Agon Neumünster"]
[WhiteElo "1930"]
[WhiteTeam "SV Koblenz"]

1. d4 Nf6 2. Nf3 b6 3. g3 Bb7 4. Bg2 e6 5. O-O  Be7 6. c3 O-O  7. Nbd2
d6 8. Ne1 Bxg2  9. Nxg2 c5 10. e3 Nbd7 11. b3 d5 12. Bb2 a5 13. c4 cxd4 14.
exd4 Bb4 15. Ne3 a4 16. Qc2 axb3 17. axb3 Qe7 18. Rxa8 Rxa8 19. Ra1 Qd8 20. Bc3
Rxa1+ 21. Bxa1 Bxd2 22. Qxd2 dxc4 23. bxc4 Qa8 24. Qd1 h6 25. d5 exd5 26. Bxf6
Nxf6 27. cxd5 Qd8 28. Qd4 Qd6 29. Nf5 Qc5 30. Qe5 Kh7 31. Ne3 b5 32. Qf5+ Kg8
33. Qd3 b4 34. d6 Nd7 35. Nc4 Qc6  1/2-1/2

[Event "11.Offene Senioren SH 2017"]
[Site "Büsum"]
[Date "2017.09.12"]
[Round "5.24"]
[White "Achenbach, Manfred"]
[Black "Bieberle, Gerhart"]
[Result "1/2-1/2"]
[BlackElo "1927"]
[BlackTeam "PTSVAachen"]
[WhiteElo "2083"]
[WhiteTeam "SC Mülheim"]

1. Nf3 d5 2. c4 c6 3. g3 g6 4. Bg2 Bg7 5. cxd5 cxd5 6. d4 Nf6 7. Nc3 O-O  8.
Bf4 Qb6 9. Qd2 Bd7 10. O-O  Bc6 11. Ne5 e6 12. Rac1 Nfd7 13. Rfd1 Nxe5 14.
dxe5 Nd7 15. Be3 Qd8 16. f4 Nb6 17. b3 Re8 18. Bd4 f5 19. Qe3 Bf8 20. a4 Nc8
21. Rc2 h6 22. Qd3 Qa5 23. Rdc1 Nb6 24. Na2 Nd7 25. g4 Ba3 26. Rb1 Be7 27. b4
Qxa4 28. b5 Bxb5 29. Rxb5 Rac8 30. Rbb2 Bc5 31. e3 b6 32. Bf1 Bxd4 33. exd4 a6
34. gxf5 exf5 35. Nc3 Qc4 36. Qe3 Qc7 37. Bg2 b5 38. Bxd5+ Kh7 39. Bb3 Nf6 40.
Nxb5 Qa5 41. Rxc8 Rxc8 42. Rb1 Ng4 43. Qe2 axb5 44. h3 Qc3 45. hxg4 fxg4 46.
Qe4 Qg3+ 47. Qg2 Qc3 48. Rd1 Qe3+ 49. Kh1 Rf8 50. Be6 h5 51. Bd5 Rxf4 52. Rf1
Qxd4 53. Rxf4 Qxf4 54. Qe4  1/2-1/2

[Event "11.Offene Senioren SH 2017"]
[Site "Büsum"]
[Date "2017.09.12"]
[Round "5.25"]
[White "Plewka, Manfred"]
[Black "Bohnstorff, Michael"]
[Result "1/2-1/2"]
[BlackElo "2065"]
[BlackTeam "SC Lüneburg"]
[WhiteElo "1925"]
[WhiteTeam "SV Rendsburg"]

1. e4 g6 2. d4 Bg7 3. c3 d6 4. Bd3 Nd7 5. Ne2 e5 6. O-O  Ne7 7. dxe5 dxe5 8.
Be3 O-O  9. Qd2 b6 10. Rd1 Bb7 11. f3 Nf6 12. Na3 Nc6 13. Bh6 Qe7 14. Bxg7
Kxg7 15. Qe3 Rad8 16. Rd2 Rd7 17. Rad1 Rfd8 18. Bc2 Ba6 19. Ba4 Rxd2 20. Rxd2
Rxd2 21. Qxd2 Qc5+ 22. Kf1 b5 23. Bd1 b4 24. Nb1 bxc3 25. Qxc3 Qd6 26. Ke1 Nb4
27. Nc1 c5 28. Be2 Bxe2 29. Kxe2 Qa6+ 30. Kf2 Nxa2 31. Qxc5 Nxc1 32. Qxc1 Qb6+
33. Kf1 Qb5+ 34. Kf2 Qb6+ 35. Kf1 Qb5+ 36. Kf2 Nd7 37. Nc3 Qb6+ 38. Kf1 Qa6+
39. Kf2 Nc5 40. Qd2 Qb6 41. Kf1 Qa6+ 42. Kf2 Nd3+ 43. Ke3 Nf4 44. Nd5 Ne6 45.
Kf2 Qb5 46. b4 h6 47. Qc3 Nd4 48. Qd2 Qc4 49. h3 Qa6 50. h4 Qa1 51. Ne3 Qh1 52.
Nc2 Qxh4+ 53. Kf1 Qh1+ 54. Kf2 Qh4+ 55. Kf1 Qh1+ 56. Kf2 Nxc2 57. Qxc2 Qa1 58.
Qc5 h5 59. Ke2 g5 60. Qe7 Kg6 61. Qf8 Qa2+ 62. Kf1 f6 63. Qe8+ Qf7 64. Qc6 g4
65. fxg4 hxg4 66. Kf2 Kg5 67. Qc1+ Kh5 68. Qc3 Qa2+ 69. Kg3 Qe2 70. Qc8 Qe3+
71. Kh2 Qxe4 72. Qh8+ Kg5 73. Qg7+ Kf5 74. Qh7+ Kf4  1/2-1/2

[Event "11.Offene Senioren SH 2017"]
[Site "Büsum"]
[Date "2017.09.12"]
[Round "5.26"]
[White "Lomer, Edmund"]
[Black "Meinke, Dietlind"]
[Result "1-0"]
[BlackElo "1906"]
[BlackTeam "MTV Leck"]
[WhiteElo "2065"]
[WhiteTeam "Eckernförder SC"]

1. Nf3 d5 2. g3 Nf6 3. Bg2 c6 4. d4 Bg4 5. O-O  e6 6. c4 Nbd7 7. Nc3 Be7 8.
cxd5 exd5 9. Bf4 O-O  10. Qc2 Re8 11. Rac1 Nh5 12. Be3 Nhf6 13. Rfd1 Bd6
14. h3 Bh5 15. Qd2 Qe7 16. Nh4 Qe6 17. Bf4 Bb4 18. g4 Bg6 19. Nxg6 hxg6 20. Bf3
Bd6 21. Kg2 Ne4 22. Bxe4 dxe4 23. d5 cxd5 24. Bxd6 Qxd6 25. Qxd5 Qxd5 26. Nxd5
Rad8 27. Rc7 Kf8 28. Rxb7 a5 29. Nc3 Nc5 30. Rxd8 Rxd8 31. Rb5  1-0

[Event "11.Offene Senioren SH 2017"]
[Site "Büsum"]
[Date "2017.09.12"]
[Round "5.27"]
[White "Muuss, Klaus"]
[Black "Urbanek, Paul-Gerhard"]
[Result "0-1"]
[BlackElo "1927"]
[BlackTeam "SF Buxtehude"]
[WhiteElo "2064"]
[WhiteTeam "VSF Flintbek"]

1. e4 e5 2. Nf3 Nc6 3. Bb5 a6 4. Ba4 Nf6 5. O-O  b5 6. Bb3 Be7 7. Nc3 O-O
 8. d3 d6 9. Nd5 Na5 10. Nxe7+ Qxe7 11. Bg5 Nxb3 12. axb3 h6 13. Bxf6 Qxf6
14. h3 g5 15. Nh2 Qg6 16. f3 f5 17. exf5 Bxf5 18. Ng4 Bxg4 19. hxg4 Kg7 20. Kf2
d5 21. Qd2 Qb6+ 22. Qe3 e4 23. Qxb6 cxb6 24. dxe4 dxe4 25. Rfd1 exf3 26. gxf3
b4 27. Rd6 Rf6 28. Rxf6 Kxf6 29. c3 bxc3 30. bxc3 a5 31. Rd1 Re8 32. c4 Re6 33.
Rd8 Ke7 34. Rd5 Rd6 35. Rb5 Kf6 36. Ke3 Re6+ 37. Kd4 Rd6+ 38. Kc3 Re6 39. Rf5+
Ke7 40. Kb2 Rf6 41. Rxf6 Kxf6 42. Ka3 Ke5 43. Ka4 Kd4 44. Kb5 Kc3 45. Kxb6 Kxb3
46. c5 a4 47. c6 a3 48. c7 a2 49. c8=Q a1=Q 50. Qe6+ Kb4 51. Qe4+ Kb3 52. Qd5+
Kc2 53. Qc6+ Kd3 54. Qxh6 Qd4+ 55. Kc6 Qa4+ 56. Kc7 Qf4+ 57. Kd7 Ke3 58. Ke6
Kxf3 59. Qh3+ Qg3 60. Qxg3+ Kxg3 61. Kf5 Kh4  0-1